Cologne on the Rhine / Cathedral and City Guide (Record no. 2126)

000 -LEADER
fixed length control field 00655nam a22002297a 4500
003 - CONTROL NUMBER IDENTIFIER
control field OSt
005 - DATE AND TIME OF LATEST TRANSACTION
control field 20210414103236.0
008 - FIXED-LENGTH DATA ELEMENTS--GENERAL INFORMATION
fixed length control field 210311s2001 ||||| |||| 00| 0 eng d
020 ## - INTERNATIONAL STANDARD BOOK NUMBER
International Standard Book Number 3927418056
040 ## - CATALOGING SOURCE
Original cataloging agency eng
Language of cataloging eng
Transcribing agency DLC
041 ## - LANGUAGE CODE
Language code of text/sound track or separate title eng
Language code of original ger
080 ## - UNIVERSAL DECIMAL CLASSIFICATION NUMBER
Universal Decimal Classification number 008
Item number W-81
100 ## - MAIN ENTRY--PERSONAL NAME
9 (RLIN) 1359
Personal name Wolff, Arnold
245 ## - TITLE STATEMENT
Title Cologne on the Rhine / Cathedral and City Guide
Remainder of title : With City Map
Statement of responsibility, etc. / by: Publicon
260 ## - PUBLICATION, DISTRIBUTION, ETC.
Place of publication, distribution, etc. Cologne, Germany
Name of publisher, distributor, etc. Publicon
Date of publication, distribution, etc. 2001
300 ## - PHYSICAL DESCRIPTION
Extent 65 p.
Other physical details ill.
650 #0 - SUBJECT ADDED ENTRY--TOPICAL TERM
9 (RLIN) 493
Topical term or geographic name entry element Culture
653 ## - INDEX TERM--UNCONTROLLED
Uncontrolled term კულტურა
700 ## - ADDED ENTRY--PERSONAL NAME
9 (RLIN) 1360
Personal name Schmitz, Heinz-Karl
700 ## - ADDED ENTRY--PERSONAL NAME
9 (RLIN) 1361
Personal name Goertner, Rainer
Relator term Photographer
942 ## - ADDED ENTRY ELEMENTS (KOHA)
Source of classification or shelving scheme
Koha item type Books
Holdings
Withdrawn status Lost status Source of classification or shelving scheme Damaged status Not for loan Permanent location Current location Date acquired Inventory number Total Checkouts Full call number Barcode Date last seen Price effective from Koha item type
          Ken Walker International University Ken Walker International University 03/11/2021 2572   008 W-81 2572 03/11/2021 03/11/2021 Books

Powered by Koha